| 000 | 00364nam a22001697a 4500 | ||
|---|---|---|---|
| 003 | SGT | ||
| 020 | _a9789389665024 | ||
| 082 |
_a617,5. _bS20P |
||
| 100 | _aPARIK ASHISH | ||
| 245 | _aSHALYA VIJNANA | ||
| 250 | _a1st | ||
| 260 |
_aVARANASI _bCHAUKHAMBHA PUB. _c2020 |
||
| 300 | _a449 | ||
| 650 | _aAYURVEDA, SURGURY | ||
| 653 | _aSHALYA | ||
| 942 |
_2ddc _cBK _061 |
||
| 999 |
_c24305 _d24305 |
||